ՀՀ Գիտությունների ազգային ակադեմիայի հիմնարար գիտական գրադարան  =   Fundamental Scientific Library of NAS RA

Նոստրադամուս : (Record no. 80574)

MARC details
000 -LEADER
fixed length control field 01078nam a2200253 u 4500
001 - CONTROL NUMBER
control field 000228834
003 - CONTROL NUMBER IDENTIFIER
control field AM-YeHGA
005 - DATE AND TIME OF LATEST TRANSACTION
control field 20250618071545.0
008 - FIXED-LENGTH DATA ELEMENTS--GENERAL INFORMATION
fixed length control field 030526s1991 ai r 000 0 arm d
040 ## - CATALOGING SOURCE
Original cataloging agency AM-YeHGA
090 ## - LOCALLY ASSIGNED LC-TYPE CALL NUMBER (OCLC); LOCAL CALL NUMBER (RLIN)
-- 81842
100 1# - MAIN ENTRY--PERSONAL NAME
Personal name Ժենին, Մաքսիմ
245 10 - TITLE STATEMENT
Title Նոստրադամուս :
Remainder of title (Եվրոպայի պատմության մարգարե): Պատմ. հետազոտություններ /
Statement of responsibility, etc. Մ. Ժենին; Թարգմ.՝ Մ.Ս. Իսպիրյան, Թ.Բ. Նիկողոսյան, Բ.Մ. Իսպիրյան.
260 ## - PUBLICATION, DISTRIBUTION, ETC.
Place of publication, distribution, etc. Երևան :
Name of publisher, distributor, etc. Նարեկացի,
Date of publication, distribution, etc. 1991.
300 ## - PHYSICAL DESCRIPTION
Extent 122 էջ :
Other physical details դիմանկ. ;
Dimensions 22 սմ.
525 ## - SUPPLEMENT NOTE
Supplement note Հավելված, էջ՝ 118-121
600 04 - SUBJECT ADDED ENTRY--PERSONAL NAME
Personal name Նոստրադամուս
650 14 - SUBJECT ADDED ENTRY--TOPICAL TERM
Topical term or geographic name entry element Պատմություն
653 0# - INDEX TERM--UNCONTROLLED
Uncontrolled term Պատմության մարգարե
653 0# - INDEX TERM--UNCONTROLLED
Uncontrolled term Աստղաբանություն
700 1# - ADDED ENTRY--PERSONAL NAME
Personal name Իսպիրյան, Միքայել Սիսակի,
Dates associated with a name 1937-
Relator term թարգմ.
Relationship trl
9 (RLIN) 3576
700 1# - ADDED ENTRY--PERSONAL NAME
Personal name Նիկողոսյան, Թ.Բ.
Relator term թարգմ.
Relationship trl
700 1# - ADDED ENTRY--PERSONAL NAME
Personal name Իսպիրյան, Բ.Մ.
Relator term թարգմ.
Relationship trl
Holdings
Withdrawn status Lost status Damaged status Not for loan Collection Home library Current library Date acquired Total checkouts Full call number Barcode Date last seen Price effective from Koha item type Public note
        General Fundamental Scientific Library Fundamental Scientific Library 22/12/2016   929:133 220084524 22/12/2016 22/12/2016 Գրքեր / Books 30 Days Loan


ՀՀ ԳԱԱ հիմնարար գիտական գրադարան
ՀՀ,Երևան 0019
Մարշալ Բաղրամյան 24/6
հեռախոս:(374-10) 52-47-50
Հետադարձ կապ

All site content, except where otherwise noted, is licensed under a
Creative Commons License